000 01426 a2200217 4500
001 48783
005 20260407155753.0
008 260407a1972 arg spa d
003 AR-UNSa-BCEJYS
040 _aAR-UNSa-BCEJYS
_bspa
_cAR-UNSa-BCEJYS
080 _a338.124
_xRetroceso de la actividad económica. Contracción económica (Pobreza...)
245 1 0 _aLa economía de la pobreza
264 1 _aBarcelona :
_bVicens-Vives
_c1972
300 _axi, 271 p.
_c21 cm.
505 _aPrimera Parte: LA TEORÍA Y LA REALIDAD: 1. La política económica y el sistema de precios - 2. El mecanismo del neoimperialismo - 3. El consumidor y el desarrollo económico - - Segunda Parte: La transformación de la agricultura primitiva: 4. La agricultura y el desarrollo económico - 5. La agricultura según la escuela de Chicago - - Tercera Parte: LA EDUCACIÓN Y EL DESARROLLO: 6. La educación y el crecimiento económico - 7. Oxbridge en exceso - - Cuarta Parte: LOS ASPECTOS INTERNACIONALES: 8. Ayuda internacional vs. Comercio internacional - 9. La frustración causada por la administración - 10. La economía en un mundo de en tensión - 11. El impacto de la ayuda - 12. La cooperación como el camino indicado para convertir la ayuda internacional en algo eficaz.
942 _cBK
590 _aniveau_biblio:m niveau_hierar:0
100 1 _aBalogh, Lord Thomas S.
700 1 _aPuig, Pedro
700 1 _aCuadrado, Juan R.
999 _c4720
_d4720